5HLuxD.jpg

KING HENRY VIII SENIOR AND PRIMARY SCHOOL LIBRARY OPAC

A WISHING-CHAIR ADVENTURE (Record no. 4587)

000 -LEADER
fixed length control field 00377nam a22001217a 4500
008 - FIXED-LENGTH DATA ELEMENTS--GENERAL INFORMATION
fixed length control field 250304b ||||| |||| 00| 0 eng d
020 ## - INTERNATIONAL STANDARD BOOK NUMBER
International Standard Book Number 9781405292665
082 ## - DEWEY DECIMAL CLASSIFICATION NUMBER
Classification number FIC BLY
100 ## - MAIN ENTRY--PERSONAL NAME
Personal name BLYTON,GUID
Relator term AUTHOR
245 ## - TITLE STATEMENT
Title A WISHING-CHAIR ADVENTURE
Remainder of title THE ROYAL BIRTHDAY PARTY
260 ## - PUBLICATION, DISTRIBUTION, ETC.
Place of publication, distribution, etc. THE YELLOW BUILDING, 1 NICHOLAS ROAD,LONDON W11 4AN
Name of publisher, distributor, etc. EGMONT UK LIMITED
Date of publication, distribution, etc. 2019
942 ## - ADDED ENTRY ELEMENTS (KOHA)
Source of classification or shelving scheme
Holdings
Withdrawn status Lost status Source of classification or shelving scheme Damaged status Not for loan Collection code Permanent Location Current Location Shelving location Date acquired Total Checkouts Full call number Barcode Date last seen Date last checked out Price effective from Koha item type Public note
          Fiction KH8 Primary School Library KH8 Primary School Library Fiction 2025-03-04 2 FIC BLY KHPL000006419 2025-12-05 2025-11-20 2025-03-04 Books - Fiction KH8 PRIMARY LIBRARY

Powered By KH8 IT Dept